<?xml version="1.0" encoding="UTF-8"?><marc:collection xmlns:marc="http://www.loc.gov/MARC21/slim">
  <marc:record>
    <marc:leader>02647nas a2200517 c 4500</marc:leader>
    <marc:controlfield tag="001">01000047X</marc:controlfield>
    <marc:controlfield tag="003">DE-101</marc:controlfield>
    <marc:controlfield tag="005">20250311212230.0</marc:controlfield>
    <marc:controlfield tag="007">tu</marc:controlfield>
    <marc:controlfield tag="008">991118d19471999dk u||p|  ||| 0||||1eng c</marc:controlfield>
    <marc:datafield tag="016" ind1="7" ind2=" ">
      <marc:subfield code="2">DE-600</marc:subfield>
      <marc:subfield code="a">64-4</marc:subfield>
    </marc:datafield>
    <marc:datafield tag="016" ind1="7" ind2=" ">
      <marc:subfield code="2">DE-101</marc:subfield>
      <marc:subfield code="a">01000047X</marc:subfield>
    </marc:datafield>
    <marc:datafield tag="022" ind1=" " ind2=" ">
      <marc:subfield code="a">0001-5393</marc:subfield>
    </marc:datafield>
    <marc:datafield tag="022" ind1=" " ind2=" ">
      <marc:subfield code="a">0904-213X</marc:subfield>
    </marc:datafield>
    <marc:datafield tag="030" ind1=" " ind2=" ">
      <marc:subfield code="a">ACSAA</marc:subfield>
    </marc:datafield>
    <marc:datafield tag="035" ind1=" " ind2=" ">
      <marc:subfield code="a">(DE-599)ZDB64-4</marc:subfield>
    </marc:datafield>
    <marc:datafield tag="035" ind1=" " ind2=" ">
      <marc:subfield code="a">(OCoLC)1367319575</marc:subfield>
    </marc:datafield>
    <marc:datafield tag="040" ind1=" " ind2=" ">
      <marc:subfield code="a">9001</marc:subfield>
      <marc:subfield code="b">ger</marc:subfield>
      <marc:subfield code="c">DE-101</marc:subfield>
      <marc:subfield code="d">9999</marc:subfield>
    </marc:datafield>
    <marc:datafield tag="041" ind1=" " ind2=" ">
      <marc:subfield code="a">eng</marc:subfield>
    </marc:datafield>
    <marc:datafield tag="042" ind1=" " ind2=" ">
      <marc:subfield code="a">zdb</marc:subfield>
    </marc:datafield>
    <marc:datafield tag="044" ind1=" " ind2=" ">
      <marc:subfield code="c">XA-DK</marc:subfield>
    </marc:datafield>
    <marc:datafield tag="082" ind1="7" ind2="4">
      <marc:subfield code="a">540</marc:subfield>
      <marc:subfield code="q">DE-600</marc:subfield>
      <marc:subfield code="2">22sdnb</marc:subfield>
    </marc:datafield>
    <marc:datafield tag="210" ind1="0" ind2="0">
      <marc:subfield code="a">Acta Chem. Scand.</marc:subfield>
    </marc:datafield>
    <marc:datafield tag="245" ind1="0" ind2="0">
      <marc:subfield code="a">Acta chemica Scandinavica</marc:subfield>
      <marc:subfield code="b">publ. by chemical societies in Denmark, Finland, Norway and Sweden</marc:subfield>
      <marc:subfield code="c">ed. Karl Myrbäck [u.a.]</marc:subfield>
    </marc:datafield>
    <marc:datafield tag="264" ind1="3" ind2="1">
      <marc:subfield code="a">Copenhagen</marc:subfield>
      <marc:subfield code="b">Munksgaard</marc:subfield>
      <marc:subfield code="c">1947-1999</marc:subfield>
    </marc:datafield>
    <marc:datafield tag="336" ind1=" " ind2=" ">
      <marc:subfield code="a">Text</marc:subfield>
      <marc:subfield code="b">txt</marc:subfield>
      <marc:subfield code="2">rdacontent</marc:subfield>
    </marc:datafield>
    <marc:datafield tag="337" ind1=" " ind2=" ">
      <marc:subfield code="a">ohne Hilfsmittel zu benutzen</marc:subfield>
      <marc:subfield code="b">n</marc:subfield>
      <marc:subfield code="2">rdamedia</marc:subfield>
    </marc:datafield>
    <marc:datafield tag="338" ind1=" " ind2=" ">
      <marc:subfield code="a">Band</marc:subfield>
      <marc:subfield code="b">nc</marc:subfield>
      <marc:subfield code="2">rdacarrier</marc:subfield>
    </marc:datafield>
    <marc:datafield tag="362" ind1="0" ind2=" ">
      <marc:subfield code="a">1.1947 - 27.1973; 43.1989 - 53.1999</marc:subfield>
    </marc:datafield>
    <marc:datafield tag="363" ind1="0" ind2="0">
      <marc:subfield code="8">1.1\x</marc:subfield>
      <marc:subfield code="a">1</marc:subfield>
      <marc:subfield code="i">1947</marc:subfield>
    </marc:datafield>
    <marc:datafield tag="363" ind1="1" ind2="0">
      <marc:subfield code="8">1.2\x</marc:subfield>
      <marc:subfield code="a">27</marc:subfield>
      <marc:subfield code="i">1973</marc:subfield>
    </marc:datafield>
    <marc:datafield tag="363" ind1="0" ind2="0">
      <marc:subfield code="8">2.1\x</marc:subfield>
      <marc:subfield code="a">43</marc:subfield>
      <marc:subfield code="i">1989</marc:subfield>
    </marc:datafield>
    <marc:datafield tag="363" ind1="1" ind2="0">
      <marc:subfield code="8">2.2\x</marc:subfield>
      <marc:subfield code="a">53</marc:subfield>
      <marc:subfield code="i">1999</marc:subfield>
    </marc:datafield>
    <marc:datafield tag="501" ind1=" " ind2=" ">
      <marc:subfield code="a">Ungezählte Beil.: Supplement</marc:subfield>
    </marc:datafield>
    <marc:datafield tag="591" ind1=" " ind2=" ">
      <marc:subfield code="a">467!Kopie289!</marc:subfield>
    </marc:datafield>
    <marc:datafield tag="650" ind1=" " ind2="7">
      <marc:subfield code="0">(DE-588)4009816-3</marc:subfield>
      <marc:subfield code="0">https://d-nb.info/gnd/4009816-3</marc:subfield>
      <marc:subfield code="0">(DE-101)040098168</marc:subfield>
      <marc:subfield code="a">Chemie</marc:subfield>
      <marc:subfield code="9">rswk-swf</marc:subfield>
      <marc:subfield code="2">gnd</marc:subfield>
    </marc:datafield>
    <marc:datafield tag="655" ind1=" " ind2="7">
      <marc:subfield code="0">(DE-588)4067488-5</marc:subfield>
      <marc:subfield code="0">https://d-nb.info/gnd/4067488-5</marc:subfield>
      <marc:subfield code="0">(DE-101)040674886</marc:subfield>
      <marc:subfield code="a">Zeitschrift</marc:subfield>
      <marc:subfield code="2">gnd-content</marc:subfield>
    </marc:datafield>
    <marc:datafield tag="689" ind1="0" ind2="0">
      <marc:subfield code="0">(DE-588)4009816-3</marc:subfield>
      <marc:subfield code="0">https://d-nb.info/gnd/4009816-3</marc:subfield>
      <marc:subfield code="0">(DE-101)040098168</marc:subfield>
      <marc:subfield code="D">s</marc:subfield>
      <marc:subfield code="a">Chemie</marc:subfield>
    </marc:datafield>
    <marc:datafield tag="689" ind1="0" ind2=" ">
      <marc:subfield code="5">DE-600</marc:subfield>
      <marc:subfield code="5">DE-600</marc:subfield>
    </marc:datafield>
    <marc:datafield tag="776" ind1="0" ind2="8">
      <marc:subfield code="i">Erscheint auch als</marc:subfield>
      <marc:subfield code="n">Online-Ausgabe</marc:subfield>
      <marc:subfield code="t">Acta chemica Scandinavica</marc:subfield>
      <marc:subfield code="d">Copenhagen : Munksgaard, 1947-1999</marc:subfield>
      <marc:subfield code="h">Online-Ressource</marc:subfield>
      <marc:subfield code="x">1902-3103</marc:subfield>
      <marc:subfield code="w">(DE-600)2432672-0</marc:subfield>
      <marc:subfield code="w">(DE-101)989232344</marc:subfield>
    </marc:datafield>
    <marc:datafield tag="785" ind1="0" ind2="8">
      <marc:subfield code="i">28.1974 - 42.1988</marc:subfield>
      <marc:subfield code="t">Acta chemica Scandinavica / A. Series A, Physical and inorganic chemistry</marc:subfield>
      <marc:subfield code="d">Copenhagen : Munksgaard, 1974-1988</marc:subfield>
      <marc:subfield code="x">0302-4377</marc:subfield>
      <marc:subfield code="w">(DE-600)125033-4</marc:subfield>
      <marc:subfield code="w">(DE-101)010705341</marc:subfield>
    </marc:datafield>
    <marc:datafield tag="785" ind1="0" ind2="8">
      <marc:subfield code="i">28.1974 - 42.1988</marc:subfield>
      <marc:subfield code="t">Acta chemica Scandinavica / B. Series B, Organic chemistry and biochemistry</marc:subfield>
      <marc:subfield code="d">Copenhagen : Munksgaard, 1974-1988</marc:subfield>
      <marc:subfield code="x">0302-4369</marc:subfield>
      <marc:subfield code="w">(DE-600)125034-6</marc:subfield>
      <marc:subfield code="w">(DE-101)01070535X</marc:subfield>
    </marc:datafield>
    <marc:datafield tag="785" ind1="0" ind2="0">
      <marc:subfield code="i">Aufgeg. in</marc:subfield>
      <marc:subfield code="a">Royal Society of Chemistry</marc:subfield>
      <marc:subfield code="t">Journal of the Chemical Society / Dalton transactions. Dalton transactions</marc:subfield>
      <marc:subfield code="d">Cambridge : Soc., 1980-2002</marc:subfield>
      <marc:subfield code="x">1472-7773</marc:subfield>
      <marc:subfield code="w">(DE-600)1017515-5</marc:subfield>
      <marc:subfield code="w">(DE-101)015504034</marc:subfield>
    </marc:datafield>
    <marc:datafield tag="785" ind1="0" ind2="0">
      <marc:subfield code="i">Aufgeg. in</marc:subfield>
      <marc:subfield code="t">Perkin / 1. 1, an @international journal of organic and bio-organic chemistry</marc:subfield>
      <marc:subfield code="d">Cambridge : Royal Society of Chemistry, 2000-2002</marc:subfield>
      <marc:subfield code="x">1470-4358</marc:subfield>
      <marc:subfield code="w">(DE-600)2001408-9</marc:subfield>
      <marc:subfield code="w">(DE-101)020044011</marc:subfield>
    </marc:datafield>
    <marc:datafield tag="785" ind1="0" ind2="0">
      <marc:subfield code="i">Aufgeg. in</marc:subfield>
      <marc:subfield code="t">Perkin / 2. 2, an @international journal of physical organic chemistry</marc:subfield>
      <marc:subfield code="d">Cambridge : Soc., 2000-2002</marc:subfield>
      <marc:subfield code="x">1470-1820</marc:subfield>
      <marc:subfield code="w">(DE-600)2001411-9</marc:subfield>
      <marc:subfield code="w">(DE-101)020044097</marc:subfield>
    </marc:datafield>
    <marc:datafield tag="850" ind1=" " ind2=" ">
      <marc:subfield code="a">DE-101a</marc:subfield>
    </marc:datafield>
  </marc:record>
</marc:collection>
